Quizzes
Events
Quiz Creation
Community
Videos
Private Events
Remove Ads
Sign In
Join for FREE
Feedback
Dark Mode
Quiz Categories
Sports
Geography
Music
Movies
Television
Just For Fun
Miscellaneous
History
Literature
Language
Science
Gaming
Entertainment
Religion
Holiday
For Kids
Quiz Lab
Recent
Popular Today
Quiz Kudos Today
Editor Picks
Curator Picks
Quizzes by...
Day
Popularity
Type
Ratings
Length
Year
Community
Subscriptions
Recent Discussions
Orange Saloon
Badges
Playlists
Quests
Create
Leaderboards
Showdown
Live 5
Trivia Bingo
Activity
Puzzle Library
Sporcle Events
Private Events
Virtual Trivia
Globe League
Become a Host
Pub Owners
SporcleCon
Opinionation
Our Games
Videos
Blog
Mobile Apps
Partnerships
Remove Ads and Go Orange
Feedback
Movies
Disney
Marvel Cinematic Universe
Movie Resume
Movie Titles
Oscar
Actor
Actress
Director
Pixar
Role
Movie Quotes
Movie Characters
Box Office
Nominee
Best Picture
Star Wars
James Bond
Horror Movies
Movies
Disney
Marvel Cinematic Universe
Movie Resume
Movie Titles
Oscar
Actor
Actress
Director
Pixar
Role
Movie Quotes
Movie Characters
Box Office
Nominee
Best Picture
Star Wars
James Bond
Horror Movies
Random Quiz
Search Sporcle
×
Quiz Lab
Quiz Lab
Movies
Rating
Type in answers that appear in a list
Type in answers that appear in a list
Classic
Best Score? Go Orange.
IMDb Top 50 Movies Stats
Can you name the top 50 movies of all time, according to IMDb users?
By
SFLF
10m
50 Questions
101 Plays
101 Plays
101 Plays
Comments
Comments
Give Quiz Kudos
Give Quiz Kudos
-
- Ratings
hide this ad
More Info
Replay
Link that replays current quiz
Next Quiz
Link to next quiz in quiz playlist
You Got
0%
They Got
Avg Score
45%
Avg Friend Score
Upgrade to see
Score Distribution
Jump to the score distribution portion of the page
Score
0/50
Timer
10:00
0
Plays Today
Year (Rank)
Answer
% Correct
1972 (2)
The Godfather
92.1%
1994 (1)
The Shawshank Redemption
88.1%
1974 (3)
The Godfather: Part II
85.1%
1994 (14)
Forrest Gump
78.2%
1994 (5)
Pulp Fiction
77.2%
2008 (4)
The Dark Knight
73.3%
1993 (8)
Schindler's List
65.3%
2003 (9)
The Lord of the Rings: Return of the King
64.4%
1942 (30)
Casablanca
64.4%
2010 (13)
Inception
62.4%
1977 (20)
Star Wars: Episode IV- A New Hope
62.4%
2002 (17)
The Lord of the Rings: The Two Towers
61.4%
2001 (11)
The Lord of the Rings: Fellowship of the Ring
59.4%
1980 (12)
Star Wars: Episode V- The Empire Strikes Back
59.4%
1960 (33)
Psycho
58.4%
1990 (18)
Goodfellas
56.4%
1999 (10)
Fight Club
53.5%
1966 (6)
The Good, The Bad, and the Ugly
52.5%
1995 (23)
Se7en
51.5%
1981 (31)
Raiders of the Lost Ark
49.5%
1979 (45)
Apocalypse Now
49.5%
1998 (34)
Saving Private Ryan
48.5%
1999 (19)
The Matrix
46.5%
2000 (48)
Gladiator
46.5%
1957 (7)
12 Angry Men
45.5%
Year (Rank)
Answer
% Correct
1975 (16)
One Flew Over the Cuckoo's Nest
44.6%
1995 (24)
The Usual Suspects
44.6%
1991 (25)
The Silence of the Lambs
43.6%
2014 (15)
Interstellar
39.6%
1954 (37)
Rear Window
37.6%
2006 (46)
The Departed
37.6%
1985 (49)
Back to the Future
35.6%
1946 (26)
It's a Wonderful Life
34.7%
2002 (22)
City of God
31.7%
2000 (41)
Memento
30.7%
1954 (21)
Seven Samurai
29.7%
1931 (35)
City Lights
29.7%
1979 (50)
Alien
29.7%
2001 (36)
Spirited Away
27.7%
1991 (40)
Terminator 2: Judgment Day
27.7%
1999 (43)
The Green Mile
26.7%
1964 (47)
Dr. Strangelove
26.7%
1994 (28)
Leon: The Professional
23.8%
1950 (44)
Sunset Blvd,
23.8%
1998 (32)
American History X
22.8%
1936 (39)
Modern Times
22.8%
2002 (42)
The Pianist
21.8%
1997 (29)
Life Is Beautiful
18.8%
1968 (27)
Once Upon a Time in the West
17.8%
2011 (38)
The Intouchables
10.9%
Quiz Playlist
Details
Report
Send in Message
Add To Playlist
More Info:
As of January 2015
Classic:
Type in answers that appear in a list
Quiz Source
Last Updated: Feb 16, 2017
Quiz Scoreboard
CHALLENGE
Sign Up to Join the Scoreboard
Show All
Scores
Hide
Comments
May contain spoilers
Recently Published
College Basketball Coaching Resumes
by pancakes188
Sports
9m
Billboard Blitz: Fleetwood Mac
by CooCooCachoo
Music
15s
Presidents Visiting Landmarks
by Hejman
History
7m
More to Explore
Quiz From the Vault
Featured Blog Post
Where Did the Easter Bunny Come From?
hide this ad
You Might Also Like...
Tags
imdb
Rating
User
Today's Top Quizzes in Movies
Browse Movies
hide this ad
Today's Top Quizzes in Rating
Browse Rating
Top Contributed Quizzes in Movies
1
Pick 5 Posters: Directed by Spielberg
2
7-to-1: Pixar Characters
3
Pick 5 Posters: Lowest-Rated Spielberg
4
Pick 5 Posters: Directed by Scorsese
5
Sorting Actors
6
Sorting Actresses
7
Pick 5 Posters: Star & Director
8
Pick 5 Posters: Women Directed 2020s
9
12 Movies about Fictional 1960s Events
10
Multi-Oscar Nominations, One Movie, One Winner
Explore More
Trending Topics
Marvel
Anime
Kpop
Disney
Harry Potter
Crossword
NBA
Soccer
Puzzle
NFL
Song
The Office
WWE
Country
Pokémon
hide this ad
More By:
SFLF
Quiz
Plays
Rating
Category
Featured
Created
Italian Serie A Teams 2013/14
192
5.00
Sports
Jul 8, 2013
Name that Nick Cartoon
178
Television
Aug 7, 2014
Name that Cartoon Network Show
167
4.50
Television
Aug 7, 2014
Name that Disney Cartoon
129
2.50
Television
Aug 7, 2014
IMDb Top 50 Movies
101
2.38
Movies
Dec 31, 2014
Go to Creator's Profile
Score Distribution
Quiz Creator Spotlight
SFLF
Follow
Send a Message
Quizzes Created
-
Created Quiz Play Count
-
More By This Creator
Popular Quizzes Today
1
Find the US States - No Outlines Minefield
2
Find the Countries of Europe - No Outlines Minefield
3
The Countries of the World
4
Find the US States
5
Risky Map Clicking: Biggest States A-Z
6
US States
7
Popular People in 1961
8
Movies - When Are They Set?
More Movies Quizzes
Top 20 Star Wars Characters
Curator's Pick
Trending Quizzes
Risky Map Clicking: Least Populous States A-Z
1-10 Letter G Words
1-10 Letter F Words
Risky Map Clicking: Next State Alphabetically
Risky Map Clicking: Biggest States A-Z
Recently Updated
Leaping Animals
pecheneg
Reality TV Shows (A-Z)
bhenderson79
Rickey Henderson's Hall of Fame Teammates
pecheneg
Champions League XIs: Arsenal
pecheneg
Quick Pick: Celebrities in WWE's Hall of Fame
aduchscher
A-Z Keypad Blitz II
pecheneg
Multiple Oscar Actors
pecheneg
Mystery Phrase Blitz: Oscar 'Best Actors'
pecheneg
F. Scott Fitzgerald Novels
LTH
Pick 3 Villains
ddd62291
Trending Topics
NBA
Disney
Marvel
Anime
Harry Potter
Crossword
Kpop
Pokémon
WWE
Puzzle
Country
NFL
The Office
Song
Soccer
Your Account Isn't Verified!
In order to create a playlist on Sporcle, you need to verify the email address you used during registration. Go to your
Sporcle Settings
to finish the process.
Report this User
Report this user for behavior that violates our
Community Guidelines
.
Details:
Send Report
Go to the Sporcle.com Mobile Site →
Comments